<?xml version="1.0" encoding="UTF-8"?><?xml-stylesheet type="text/xsl" href="static/style.xsl"?><OAI-PMH xmlns="http://www.openarchives.org/OAI/2.0/" xmlns:xsi="http://www.w3.org/2001/XMLSchema-instance" xsi:schemaLocation="http://www.openarchives.org/OAI/2.0/ http://www.openarchives.org/OAI/2.0/OAI-PMH.xsd"><responseDate>2026-04-13T07:19:46Z</responseDate><request verb="GetRecord" identifier="oai:www.recercat.cat:2072/373952" metadataPrefix="marc">https://recercat.cat/oai/request</request><GetRecord><record><header><identifier>oai:recercat.cat:2072/373952</identifier><datestamp>2025-03-18T15:32:57Z</datestamp><setSpec>com_2072_220028</setSpec><setSpec>com_2072_4427</setSpec><setSpec>col_2072_220407</setSpec></header><metadata><record xmlns="http://www.loc.gov/MARC21/slim" xmlns:dcterms="http://purl.org/dc/terms/" xmlns:xsi="http://www.w3.org/2001/XMLSchema-instance" xmlns:doc="http://www.lyncode.com/xoai" xsi:schemaLocation="http://www.loc.gov/MARC21/slim http://www.loc.gov/standards/marcxml/schema/MARC21slim.xsd">
   <leader>00925njm 22002777a 4500</leader>
   <datafield ind2=" " ind1=" " tag="042">
      <subfield code="a">dc</subfield>
   </datafield>
   <datafield ind2=" " ind1=" " tag="720">
      <subfield code="a">Galán Palomares, Laura</subfield>
      <subfield code="e">author</subfield>
   </datafield>
   <datafield ind2=" " ind1=" " tag="260">
      <subfield code="c">2019</subfield>
   </datafield>
   <datafield ind2=" " ind1=" " tag="520">
      <subfield code="a">El siguiente trabajo aborda el estudio de los soportes hermaicos de Hispania con la intención de ver hasta qué punto pudo extenderse este modelo epigráfico-escultórico, profundizando en sus aspectos de producción con el interés de identificar los talleres donde fueron creados. Para tal propósito se ha llevado a cabo un estudio de su funcionalidad, formas, materiales e inscripciones, acompañado de un catálogo —en formato de tablas comparativas—, que recoge todos los soportes para bustos hermaicos de Hispania, que permite el cotejo entre los diversos ejemplares. El objetivo final es poder reconocer la interacción entre materiales, lugar de hallazgo y funcionalidad en lo que respecta a este género de soporte escultórico.</subfield>
   </datafield>
   <datafield ind2=" " ind1=" " tag="520">
      <subfield code="a">This study examines the hermae supports from Hispania so as to determine the spread of this epigraphic-sculptural model and delve into aspects of its production so as to identify their workshops. Therefore, this research adopt a series of approaches based on the functionality, morphology, material and inscriptions of this supports. The study is completed by a catalogue - represented in the form of comparative tables - wich include all the epigraphic hermae supports of Hispania and alow their comparison. The aim is to determine the interaction between materials, location of discovery and function of this type of sculptural artefact.</subfield>
   </datafield>
   <datafield ind1="8" ind2=" " tag="024">
      <subfield code="a">http://hdl.handle.net/2072/373952</subfield>
   </datafield>
   <datafield ind1="8" ind2=" " tag="024">
      <subfield code="a">https://doi.org/10.21001/rap.2019.29.3</subfield>
   </datafield>
   <datafield ind2="0" ind1="0" tag="245">
      <subfield code="a">Los soportes hermaicos en Hispania: estudio sobre la funcionalidad y dispersión geográfica de los hermae epigráficos en la península ibérica. In memoriam a Rosa M. Mercado</subfield>
   </datafield>
</record></metadata></record></GetRecord></OAI-PMH>